000 00738nam a2200181Ia 4500
008 151018s9999 xx 000 0 und d
082 _bRBASDV64564
_a891.433
100 _aव्यासमनी त्रिपाठी
245 _aअंडमान का हिंदी साहित्य
250 _b1
260 _bसाहित्य अकादमी नई दिल्ली
_c2013
300 _a288
600 _aव्यासमनी त्रिपाठी
630 _aअंडमान का हिंदी साहित्य
700 _aव्यासमनी त्रिपाठी
730 _aअंडमान का हिंदी साहित्य
942 _cBOOK
999 _c1056903
_d1056900